00458nam a22001577a 450000500170000001000150001702000260003203500140005803700130007208200130008510000190009824500690011726000410018627000500022730000230027720170517115236.0 aENG-118196 a9789384275235c995.00 aEN-101728 bDBAD/PUB a370.9545 aSharma, Preeti aDevelopment of education in north east india/cby Preeti Sharma aIndiabNE BOOKS AND PUBLISHERSc2017 aNational Highway Silchar- 788005 Assam, India a210 p.c23cm. (Hb)